000 00496cam a2200205ua 4500
001 8143
005 20260515114310.0
008 150109n ii |||gr||||Z||||||hin
040 _cMAIN
041 _ahin
082 _a891.432
100 _aDeepak. S.,
_eAuthor.
245 1 _aNatak bal bhagwan
_cBy Swadesh Deepak
250 _a1st.
260 _aNew Delhi:
_bRajkamal,
_c1989.
300 _a103p.
653 _aEast Indo-European & Celtic literatures
653 _aHindi drama
942 _cBK
999 _c7253
_d7253